Exhortation to the monks /
Main Author:
Other Authors: , ,
Format: eBook
Language:
English
Greek
Published:
Cairo ; New York :
The American University in Cairo Press,
[2024]
Subjects:
Online Access: Login to view Source
Tags: Add Tag
Call Number: BR65 .H93 A34 2024
| LEADER | 02986nam a22005777a 4500 | ||
|---|---|---|---|
| 001 | 14157744 | ||
| 003 | OSt | ||
| 005 | 20260430080808.0 | ||
| 006 | m||||||||d|||||||| | ||
| 007 | cr||n||||||||| | ||
| 008 | 260430s2024 ua ob 001 0 eng d | ||
| 020 | |a 9781649033697 |q (electronic bk.) | ||
| 020 | |a 1649033699 |q (electronic bk.) | ||
| 020 | |z 9781649033673 | ||
| 020 | |z 1649033672 | ||
| 035 | 9 | |a (GOBI)90101310584 | |
| 035 | |a (OCoLC)1431977973 | ||
| 040 | |a NhCcYBP |b eng |e rda |e pn |c NhCcYBP | ||
| 041 | 1 | |a eng |a gre |h gre | |
| 043 | |a a-is--- |a awba--- |a awgz--- |a f-ua--- | ||
| 050 | 4 | |a BR65 .H93 |b A34 2024 | |
| 082 | 0 | 4 | |a 248.8/94 |2 23/eng/20240209 |
| 100 | 0 | |a Hyperechios, |c Saint, |d 4th century, |e author. | |
| 245 | 1 | 0 | |a Exhortation to the monks / |c by Hyperechios ; [edited and translated by] Tim Vivian ; foreword by John Chryssavgis. |
| 264 | 1 | |a Cairo ; |a New York : |b The American University in Cairo Press, |c [2024] | |
| 300 | |a 1 online resource (pages cm.) | ||
| 336 | |a text |b txt |2 rdacontent | ||
| 337 | |a computer |b c |2 rdamedia | ||
| 338 | |a online resource |b cr |2 rdacarrier | ||
| 500 | |a Compilation of 160 sayings known as Adhortatio ad monachos attributed to the early Greek monk Saint Hyperechios included in the Apothegmata Patrum, this, a compilation of religious works produced between the late fourth and the early fifth centuries by early church fathers, and later written down based on unknown early Greek manuscripts. | ||
| 504 | |a Includes bibliographical references and indexes. | ||
| 546 | |a Text in English and Greek, introductory material in English. | ||
| 588 | |a Description based on print version record. | ||
| 650 | 0 | |a Monastic and religious life |z Palestine |v Quotations, maxims, etc. |v Early works to 1800. | |
| 650 | 0 | |a Monastic and religious life |z Egypt |v Quotations, maxims, etc. |v Early works to 1800. | |
| 650 | 0 | |a Monasticism and religious orders |z History |x Early church, ca. 30-600. | |
| 650 | 0 | |a Aphorisms and apothegms |v Early works to 1800. | |
| 650 | 0 | |a Desert Fathers |v Quotations. | |
| 650 | 0 | |a Religious poetry, Greek. | |
| 650 | 6 | |a Aphorismes et apophtegmes |0 (CaQQLa)201-0001716 |v Ouvrages avant 1800. |0 (CaQQLa)201-0377050 | |
| 650 | 6 | |a Pères du désert |0 (CaQQLa)201-0247967 |v Citations. |0 (CaQQLa)201-0378282 | |
| 650 | 6 | |a Poésie religieuse grecque. |0 (CaQQLa)000347005 | |
| 700 | 1 | |a Vivian, Tim, |e editor, |e translator. | |
| 700 | 1 | |a Chryssavgis, John, |e writer of foreword. | |
| 700 | 0 | 2 | |i Container of (expression) |a Hyperechios, |c Saint, |d 4th century. |t Adhortatio ad monachos. |l English. |
| 700 | 0 | 2 | |i Container of (expression) |a Hyperechios, |c Saint, |d 4th century. |t Adhortatio ad monachos. |l Greek. |
| 776 | 0 | 8 | |c Original |z 9781649033673 |z 1649033672 |w (DLC) 2023033578 |w (OCoLC)1420634951 |
| 856 | 4 | 0 | |u https://www.jstor.org/stable/10.2307/jj.5053552 |y JSTOR |x 999 |
| 942 | |2 lcc | ||
| 980 | |b DIV |c 90101310584 |d UC-FullText |e JSTUU |f AKK |g 509596 |h 344379 |j 63.00 |k USD |p SARO |q 1 |v GOBI |s JRL Acquisitions | ||
| 999 | |c 62214 |d 62214 | ||
